00516nam a22001097a 4500040000800000082002700008100003300035245027300068260002600341300002700367856001200394 cRUA aAGR MOM 2015 B475 Or.1 aMOM MEI; មុំ ម៉ី aEffect of orginic fertilizers on chinese cabbage at royal university of agriculture, ឥទ្ធិពលជីធម្មជាតិទៅលើដំណាំស្ពៃតឿនៅសាកលវិទ្យាល័យភូមិន្ទកសិកម្ម aPhnom PenhbRUAc2015 axiii,50p.bill.c29cm. uMOM MEI